Warren's Forms of Agreements : (Record no. 441)
[ view plain ]
| 000 -LEADER | |
|---|---|
| fixed length control field | 00507nam a22001577a 4500 |
| 005 - DATE AND TIME OF INPUT | |
| control field | 20231108142118.0 |
| 008 - DATA ELEMENTS--GENERAL INFORMATION | |
| fixed length control field | 231108b |||||||| |||| 00| 0 eng d |
| 041 ## - LANGUAGE CODE | |
| Language code of text | English |
| 082 ## - SHELF NUMBER | |
| DDC number | 346.2 WAR |
| 100 ## - MAIN AUTHOR | |
| Main author's name | Warren, OL ; Markuson, GC and Glickman, G |
| Language of a work | English |
| 245 ## - TITLE STATEMENT | |
| Title | Warren's Forms of Agreements : |
| Sub-title | Business Forms / |
| Statement of responsibility, etc. | OL Warren, GC Markuson and G Glickman |
| 260 ## - PUBLICATION, DISTRIBUTION, ETC. | |
| Date of publication, distribution, etc. | 1982 |
| 300 ## - PHYSICAL DESCRIPTION | |
| Other physical details | 478 pages ; |
| Dimensions | 26 cm. |
| 650 ## - SUBJECT` | |
| Broad subject | Legal practice |
| Own subject terms | Law |
| 942 ## - ADDED ENTRY ELEMENTS (KOHA) | |
| Item type | Books |
| 942 ## - ADDED ENTRY ELEMENTS (KOHA) | |
| -- | ALISON_BN_VRIES |
| Source of classification or shelving scheme | Volume number (bound volume or other part) | Not for loan | Collection code | Home library | Current library | Shelving location | Date acquired | Full call number | Barcode | Price effective from | Koha item type |
|---|---|---|---|---|---|---|---|---|---|---|---|
| Dewey Decimal Classification | Volume 1 | TEXT BOOKS | LAW SOCIETY OF NAMIBIA LIBRARY - WINDHOEK | LAW SOCIETY OF NAMIBIA LIBRARY - WINDHOEK | Contract law | 11/08/2023 | 346.2 WAR | LSN/1987/215 | 11/08/2023 | Books | |
| Dewey Decimal Classification | Volume 1 A | TEXT BOOKS | LAW SOCIETY OF NAMIBIA LIBRARY - WINDHOEK | LAW SOCIETY OF NAMIBIA LIBRARY - WINDHOEK | Contract law | 11/08/2023 | 346.2 WAR | LSN/1987/216 | 11/08/2023 | Books | |
| Dewey Decimal Classification | Volume 2 | TEXT BOOKS | LAW SOCIETY OF NAMIBIA LIBRARY - WINDHOEK | LAW SOCIETY OF NAMIBIA LIBRARY - WINDHOEK | Contract law | 11/08/2023 | 346.2 WAR | LSN/1987/217 | 11/08/2023 | Books | |
| Dewey Decimal Classification | Volume 3 | TEXT BOOKS | LAW SOCIETY OF NAMIBIA LIBRARY - WINDHOEK | LAW SOCIETY OF NAMIBIA LIBRARY - WINDHOEK | Contract law | 11/08/2023 | 346.2 WAR | LSN/1987/218 | 11/08/2023 | Books |
